000 nam a22 a 4500
999 _c2357
_d2357
005 20170516105752.0
008 170516b2008 uk ||||| |||| 00| 0 eng d
020 _a 9780071470506 (pbk.)
_cRm 60.00
040 _aAKMAL
082 _a428.24 COL
090 _a428.24
_bCOL
100 1 _a Collins, Tim.
_94896
245 1 0 _a Correct your English errors :
_bAvoid 99% of the common mistakes made by learners of English /
_cTim Collins
260 _aNew York ; :
_b McGraw-Hill,
_c c2009.
260 _aLondon
300 _a ix, 309 p. ;
_c21cm
500 _aFormerly CIP. |5 Uk
650 0 _a English language
_vTextbooks for foreign speakers.
_94897
650 0 _aEnglish language
_xUsage.
_94830
650 0 _aEnglish language
_xErrors of usage.
_94898
942 _2ddc
_cBOOK